Juntos logramos más: Tejiendo encuentros entre familias y maestros /
Na minha lista:
| Autor principal: | |
|---|---|
| Outros Autores: | |
| Formato: | Livro |
| Idioma: | Spanish |
| Publicado em: |
México :
SM de Ediciones,
2012
|
| Colecção: | Somos Maestros. Serie Convivencia Escolar
|
| Assuntos: | |
| Tags: |
Adicionar Tag
Sem tags, seja o primeiro a adicionar uma tag!
|
MARC
| LEADER | 00000nam a22000007a 4500 | ||
|---|---|---|---|
| 008 | 160617b2012 m ||||| |||| 00| | spa d | ||
| 022 | |a 9786072405912 | ||
| 090 | |a 06.02.01 |b 2220 | ||
| 100 | 1 | |9 1849 |a Cardemil Oliva, Cecilia | |
| 245 | 1 | 0 | |a Juntos logramos más: Tejiendo encuentros entre familias y maestros / |c Cecilia Cardemil Oliva, Sonia Lavín Herrera |
| 260 | |a México : |b SM de Ediciones, |c 2012 | ||
| 300 | |a 127 páginas; |b ilustraciones | ||
| 490 | |a Somos Maestros. Serie Convivencia Escolar | ||
| 650 | 1 | 4 | |9 1 |a EDUCACIÓN |
| 650 | 1 | 4 | |9 404 |a FAMILIA |
| 650 | 1 | 4 | |9 1850 |a RELACIONES ESCUELA COMUNIDAD |
| 650 | 1 | 4 | |9 576 |a ASPECTOS SOCIALES |
| 650 | 1 | 4 | |9 451 |a POLÍTICA EDUCATIVA |
| 700 | 1 | |9 1851 |a Lavín Herrera, Sonia | |
| 942 | |i 003928 |h 06.02.01 2220 |2 z |c 01 | ||
| 999 | |c 3258 |d 3258 | ||
